000 00496nam a2200193Ia 4500
005 20260429112220.0
008 260429s9999||||xx |||||||||||||| ||und||
020 _a9789386559920
041 _aEnglish
082 _a530.4
_bPRI
100 _aPriyadarshi, Brajesh
245 0 _aGeneral properties of matter /
_cBrajesh Priyadarshi
250 _a1st ed.
260 _aNew Delhi :
_bVenus Books,
_c2025.
300 _aix, 268 p.; hb
650 _a Matter
650 _aPhysics
942 _cTB
999 _c52938
_d52938